00853cam a22002417i 4500020002600000020002300026022001300049040001000062082002600072100002000098245008100118300005100199490005100250650000900301650000900310650001700319700002400336700002400360710006100384942001000445999001700455952013900472 a9789251074350 (print) a9251074356 (print) a20707010 cUKMGB04a639 FEE 2013 A006 Or.1 aRamakrishna, R.10aFeeding and feed management of Indian major carps in Andhra Pradesh, India / avii, 90 pages :billustrations, maps ;c30 cm.0 aFAO fisheries and aquaculture technical paper, 0aCarp 0aCarp 0aCarp fishing1 aShipton, Thomas A.,1 aHasan, Mohammad R.,2 aFood and Agriculture Organization of the United Nations, cAEDBB c20928d20928 0010406639_000000000000000_FEE_2013_A042_OR70992567aLBAbLBAcA042d2023-01-16o639 FEE 2013 A042 Or.pa071076r2023-01-16yAEDBB